Aplicacion del programa MicroCYCLONE, en el proceso constructivo de excavacion del tunel del Proyecto Hidroelectrico Angostura.
Uloženo v:
| Hlavní autor: | |
|---|---|
| Médium: | Kniha |
| Vydáno: |
[San José , Costa Rica]
1995
|
| Témata: | |
| Tagy: |
Přidat tag
Žádné tagy, Buďte první, kdo vytvoří štítek k tomuto záznamu!
|
MARC
| LEADER | 00000nam a2200000Ia 4500 | ||
|---|---|---|---|
| 003 | 007656 | ||
| 005 | 20221231144254.0 | ||
| 008 | 140114s9999 cr a m 000 ||s d | ||
| 040 | |c cru CEDI | ||
| 090 | |a TFG 3269 | ||
| 100 | |a Brenes Martínez, Néstor |9 10747 | ||
| 245 | |a Aplicacion del programa MicroCYCLONE, en el proceso constructivo de excavacion del tunel del Proyecto Hidroelectrico Angostura. | ||
| 260 | |c 1995 |a [San José , Costa Rica] | ||
| 300 | |a [320] hojas : ilustraciones. | ||
| 500 | |a Proyecto de graduacion (licenciatura en ingenieria civil)--Universidad de Costa Rica. Facultad de Ingeniería. Escuela de Ingenieria Civil | ||
| 650 | |x CONSTRUCCION DE TUNELES |x MICROCYCLONE (PROGRAMAS PARA COMPUTADORA) |9 10748 | ||
| 942 | |c TFG | ||
| 999 | |c 19400 |d 19400 | ||
